| Tag |
First Indicator |
Second Indicator |
Subfields |
| LEADER |
00000cam a22000001 4500 |
| 001 |
in00000033904 |
| 005 |
20151007063342.0 |
| 008 |
740520s1967 inu b 00010 eng |
| 010 |
|
|
|a 67013019
|
| 035 |
|
|
|a (OCoLC)00351316
|
| 035 |
|
|
|9 AAD7194AM
|
| 040 |
|
|
|a DLC
|c DLC
|d TXA
|d UtOrBLW
|
| 049 |
|
|
|a TXAM
|c [471997]
|
| 050 |
0 |
0 |
|a PR861
|b .C6
|
| 082 |
0 |
|
|a 823/.7/09
|
| 092 |
|
|
|a 823.09
|b C686f
|
| 100 |
1 |
|
|a Colby, Robert Alan,
|d 1920-
|
| 245 |
1 |
0 |
|a Fiction with a purpose ;
|b major and minor nineteenth-century novels /
|c [by] Robert A. Colby.
|
| 264 |
|
1 |
|a Bloomington :
|b Indiana University Press,
|c [1967]
|
| 300 |
|
|
|a viii, 376 pages ;
|c 22 cm.
|
| 336 |
|
|
|a text
|b txt
|2 rdacontent
|
| 337 |
|
|
|a unmediated
|b n
|2 rdamedia
|
| 338 |
|
|
|a volume
|b nc
|2 rdacarrier
|
| 504 |
|
|
|a Bibliographical references included in "Notes" (pages 309-365).
|
| 650 |
|
0 |
|a English fiction
|y 19th century
|x History and criticism.
|
| 999 |
|
|
|a MARS
|
| 999 |
f |
f |
|s 9ec3a3e8-873b-385b-a2df-34b771e8b013
|i 7045d8c0-aa67-3ab1-b689-88001c612ae2
|t 0
|
| 952 |
f |
f |
|p ric
|a Texas A&M University
|b Rellis Campus
|c Joint Library Facility
|d Remote Storage
|t 0
|e PR861 .C6
|h Library of Congress classification
|i unmediated -- volume
|m A14801335031
|
| 998 |
f |
f |
|a PR861 .C6
|t 0
|l Remote Storage
|